[Event "Berezniki-ch"]
[Site "Berezniki"]
[Date "2001.??.??"]
[Round "2"]
[White "Kosogorov, Konstantin"]
[Black "Syrokhvatov, Leonid V"]
[Result "1-0"]
[WhiteElo "2206"]
[BlackElo "2272"]
[PlyCount "45"]
[EventDate "2001.02.??"]
[EventType "swiss"]
[EventRounds "11"]
[EventCountry "RUS"]
[SourceTitle "EXT 2002"]
[Source "ChessBase"]
[SourceDate "2001.11.25"]
[SourceVersion "1"]
[SourceVersionDate "2001.11.25"]
[SourceQuality "1"]

1. e4 c6 2. d4 d5 3. Nc3 g6 4. Nf3 Bg7 5. Be2 h5 6. 0-0 Nf6 7. e5 Nh7 8. Be3 Bf5 9. Qd2 Nd7 10. Ng5 Nxg5 11. Bxg5 Nf8 12. b4 f6 13. exf6 exf6 14. Be3 Ne6 15. Na4 b6 16. Nb2 Qd6 17. c4 Kf7 18. a3 Rae8 19. cxd5 cxd5 20. Rac1 Ng5 21. Bb5 Bd7 22. Bf4 Qe6 23. Bxd7 1-0

[Event "Berezniki-ch"]
[Site "Berezniki"]
[Date "2001.??.??"]
[Round "4"]
[White "Zotov, Evgeny"]
[Black "Kosogorov, Konstantin"]
[Result "0-1"]
[WhiteElo "2265"]
[BlackElo "2206"]
[PlyCount "44"]
[EventDate "2001.02.??"]
[EventType "swiss"]
[EventRounds "11"]
[EventCountry "RUS"]
[SourceTitle "EXT 2002"]
[Source "ChessBase"]
[SourceDate "2001.11.25"]
[SourceVersion "1"]
[SourceVersionDate "2001.11.25"]
[SourceQuality "1"]

1. e4 e5 2. f4 d5 3. exd5 e4 4. d3 Nf6 5. c4 Bb4+ 6. Nc3 0-0 7. d4 c6 8. dxc6 Nxc6 9. d5 Ne7 10. Qb3 Qa5 11. Bd2 e3 12. Bxe3 Nf5 13. Bf2 Ne4 14. Nge2 Re8 15. Rc1 Nxf2 16. Kxf2 Qc5+ 17. Ke1 Nd4 18. Qd1 Bg4 19. Rc2 Bxc3+ 20. bxc3 Nxc2+ 21. Qxc2 Rxe2+ 22. Bxe2 Re8 0-1